Terraria- Swords of the Zenith - Statistics

General Stats
  • This quiz has been taken 143 times
  • The average score is 12 of 18
Answer Stats
Hint Answer % Correct
Layer 1 Copper Shortsword
91%
Layer 3 Night's Edge
82%
Layer 1 Meowmere
81%
Layer 1 Starwrath
80%
Layer 1 Terra Blade
80%
Layer 1 Enchanted Sword
75%
Layer 3 Excalibur
75%
Layer 2 True Excalibur
70%
Layer 2 True Night's Edge
69%
Layer 1 Starfury
68%
Layer 4 Blade of Grass
67%
Layer 4 (Corruption) Light's Bane
64%
Layer 4 Muramasa
59%
Layer 4 (Crimson) Blood Butcherer
57%
Layer 4 Fiery Greatsword
54%
Layer 1 Influx Waver
54%
Layer 1 Seedler
53%
Layer 3 (not functional) Broken Hero Sword
49%
No matching quizzes found
Score Distribution
Percent of People with Each Score
Percentile by Number Answered
Your Score History
You have not taken this quiz